Managing for performance / (Record no. 15018)
[ view plain ]
| 000 -LEADER | |
|---|---|
| fixed length control field | 00955cam a2200277 i 4500 |
| 001 - CONTROL NUMBER | |
| control field | 15018 |
| 003 - CONTROL NUMBER IDENTIFIER | |
| rucl marc code | BD-RjUL |
| 005 - DATE AND TIME OF LATEST TRANSACTION | |
| control field | 20211208235732.0 |
| 008 - FIXED-LENGTH DATA ELEMENTS--GENERAL INFORMATION | |
| fixed length control field | 140209s1986 1980 txua b 001 0 eng |
| 020 ## - INTERNATIONAL STANDARD BOOK NUMBER | |
| International Standard Book Number | 0256022747 |
| 035 ## - SYSTEM CONTROL NUMBER | |
| System control number | (BD-RjUL)15072 |
| 040 ## - CATALOGING SOURCE | |
| Original cataloging agency | DLC |
| Transcribing agency | DLC |
| Modifying agency | (BD-RjUL) |
| Language of cataloging | eng |
| 041 ## - LANGUAGE CODE | |
| Language code of text/sound track or separate title | eng |
| 082 00 - DEWEY DECIMAL CLASSIFICATION NUMBER | |
| Classification number | 658 |
| Author mark and year | IVM 1986 |
| 100 1# - MAIN ENTRY--PERSONAL NAME | |
| Personal name | Ivancevich, John M. |
| 9 (RLIN) | 46746 |
| 245 10 - TITLE STATEMENT | |
| Title | Managing for performance / |
| Statement of responsibility, etc. | John M. Ivancevich, James H. Donnelly, Jr., James L. Gibson ; [cover and part opening photos, H. Armstrong Roberts]. |
| 260 ## - PUBLICATION, DISTRIBUTION, ETC. (IMPRINT) | |
| Place of publication, distribution, etc. | Dallas, Tex. : |
| Name of publisher, distributor, etc. | Business Publications ; |
| Place of publication, distribution, etc. | Georgetown, Ont. : |
| Name of publisher, distributor, etc. | Irwin-Dorsey, |
| Date of publication, distribution, etc. | 1986. |
| 300 ## - PHYSICAL DESCRIPTION | |
| Pagination | xviii, 563 p. : |
| Illustrations | ill. ; |
| Size | 25 cm. |
| 504 ## - BIBLIOGRAPHY, ETC. NOTE | |
| Bibliography, etc | Includes bibliographies and index. |
| 650 #0 - SUBJECT ADDED ENTRY--TOPICAL TERM | |
| Topical term or geographic name as entry element | Management. |
| 9 (RLIN) | 46747 |
| 700 1# - ADDED ENTRY--PERSONAL NAME | |
| Personal name | Donnelly, James H., |
| Personal name | Gibson, James L. |
| Fuller form of name | (James Lawrence), |
| Dates associated with a name | 1935- |
| 942 ## - ADDED ENTRY ELEMENTS (KOHA) | |
| Source of classification or shelving scheme | Dewey Decimal Classification |
| Koha item type | Books |
| Lost status | Source of classification or shelving scheme | Damaged status | Not for loan | Collection code | Permanent Location | Current Location | Shelving location | Date acquired | Source of acquisition | Total Checkouts | Full call number | Date last seen | Copy number | Koha item type |
|---|---|---|---|---|---|---|---|---|---|---|---|---|---|---|
| Dewey Decimal Classification | Not For Loan | Non-fiction | Central Library, University of Rajshahi | Central Library, University of Rajshahi | Reading Room | 11/09/1989 | Zeitlinger | 658 IVM 1986 | 09/02/2014 | C-1 | Books |